| 000 | 00419nam a2200169Ia 4500 | ||
|---|---|---|---|
| 001 | 14335 | ||
| 005 | 20260306164906.0 | ||
| 008 | 260306t9999||||xx |||||||||||||| ||spa|| | ||
| 041 | _aESP | ||
| 082 |
_a512.1 _bC76 |
||
| 100 |
_aGranville, William Anthony _eAUT |
||
| 245 | 0 | _aSolucionario de cálculo diferencial | |
| 300 |
_a416 páginas : _c20 cm. |
||
| 650 | _aGEN | ||
| 654 | _aCMA | ||
| 942 |
_cLIB _dJUS _fJUS _2ddc _n |
||
| 999 |
_c14335 _d14335 |
||